[Event "CAN-ch U10"]
[Site "Quebec"]
[Date "2008.07.15"]
[Round "3"]
[White "Herdin, Matthew"]
[Black "Feng, Robert"]
[Result "1/2-1/2"]
[WhiteElo "1228"]
[BlackElo "1238"]
[PlyCount "98"]
[EventDate "2008.07.14"]
[EventType "swiss"]
[EventRounds "7"]
[EventCountry "CAN"]
[SourceTitle "EXT 2011"]
[Source "ChessBase"]
[SourceDate "2010.11.26"]
[SourceVersion "1"]
[SourceVersionDate "2010.11.26"]
[SourceQuality "1"]

1. e4 e5 2. Nf3 Nc6 3. Bc4 Bc5 4. 0-0 Nf6 5. d3 d5 6. exd5 Nxd5 7. Qe2 f6 8. Qe4 Be6 9. Bxd5 Bxd5 10. Qg4 Qd7 11. Qxd7+ Kxd7 12. Nfd2 Rad8 13. Nc3 Kc8 14. Nde4 Bb6 15. Nxd5 Rxd5 16. Bd2 Rhd8 17. Rfd1 Nd4 18. c4 R5d7 19. c5 Bxc5 20. Nxc5 Rd5 21. Ne4 f5 22. Nc3 R5d6 23. Be3 Nc6 24. Nb5 Rxd3 25. Rxd3 Rxd3 26. Nxa7+ Nxa7 27. Bxa7 b6 28. h3 Kb7 29. Bxb6 cxb6 30. b3 e4 31. Kf1 g6 32. Ke2 b5 33. Rd1 Rxd1 34. Kxd1 Kc6 35. a3 f4 36. Kd2 Kd5 37. Kc3 Kc5 38. Kd2 g5 39. g3 h5 40. gxf4 gxf4 41. a4 bxa4 42. bxa4 Kb4 43. a5 Kxa5 44. Kc3 e3 45. fxe3 fxe3 46. Kd3 Kb5 47. Kxe3 Kc6 48. Kf4 Kd7 49. Kg5 Ke8 1/2-1/2